| 000 | 00984nam a2200325 4500 | ||
|---|---|---|---|
| 005 | 20260323065022.0 | ||
| 008 | 260109b xxu||||| |||| 00| 0 eng d | ||
| 020 | _a 9780323327404 | ||
| 050 |
_aRT41 _b.P68 2017 |
||
| 100 | _aPotter, Patricia Ann, | ||
| 245 | _aFundamentals of nursing / | ||
| 250 | _a9th ed. | ||
| 260 |
_a St. Louis, Missouri : _bMosby Elsevier, _c2017 |
||
| 300 |
_axix, 1365 p. : _billus. (chiefly color) ; |
||
| 500 | _aIncludes bibliographical references and index | ||
| 650 | _aNurse and patient | ||
| 650 | _aNursing | ||
| 650 |
_aNursing _xPractice |
||
| 650 | _aHemşirelik | ||
| 650 |
_aHemşirelik _xuygulama |
||
| 650 | _aNursing | ||
| 650 | _aNursing Care | ||
| 650 | _aNurse-Patient Relations | ||
| 650 | _aNursing Process | ||
| 655 |
_2swd _bLehrbuch. |
||
| 700 |
_aPerry, Anne Griffin, _eeditor |
||
| 700 |
_aHall, Amy _eeditor _q(Amy M.), |
||
| 700 |
_aStockert, Patricia A., _eeditor |
||
| 942 |
_2lcc _cBK |
||
| 999 |
_c60098 _d60098 |
||